Devine la voiture version rallye - Statistiques

Statistiques générales
  • Ce quiz a été pris 523 fois
  • Le résultat moyen est 10 sur 16
Statistiques - réponses
Par images Réponse % Correct
Skoda Fabia R5
83%
Citroën C4 WRC
76%
Citroën C3 R5
75%
Volkswagen Polo R5
75%
Lancia Stratos
73%
Citroën Xsara WRC
70%
Peugeot 306 Maxi
70%
Mitsubishi lancer evo 9
65%
Renault 5 Turbo
61%
Bmw M3
59%
Peugeot 205 Turbo 16
56%
Citroën Saxo Kit car
54%
Peugeot 207 S2000
54%
Citroën C2 S1600
47%
Lancia Fulvia
43%
Ferrari 308 GTB
20%
Aucun quiz correspondant
Distribution des résultats
% des personnes avec chaque résultat
Percentile par nombre de réponses
Votre historique - résultats
Vous n’avez pas pris ce quiz